| 000 | 00408nam a2200169Ia 4500 | ||
|---|---|---|---|
| 008 | 230524s9999 xx 000 0 und d | ||
| 020 | _a9788177000658 | ||
| 082 |
_a658.568 _bMAH |
||
| 100 | _aM.Mahajan | ||
| 245 | 0 | _aStatistical Quality Control | |
| 250 | _a1 | ||
| 260 |
_aNew Delhi _bDhanapt Rai _c2014 |
||
| 300 | _a"1,544p;" | ||
| 500 | _aQuantity Number: 40 | ||
| 650 | _aMechanics | ||
| 942 | _cBK | ||
| 999 |
_c54680 _d54680 |
||